000 00313nam a2200133Ia 4500
005 20251222155143.0
008 251222s9999||||xx |||||||||||||| ||spa||
082 _aEBA.65
100 _aMARRINER TOMEY Ann.
245 0 _aModelos y teorías de enfermería
250 _a4ta. ed.
264 _bMosby
942 _cLIB
999 _c39282
_d39282